000 01160nam a22002897a 4500
003 AR-Ro-UNCS
005 20260209121206.0
008 250805s2015 ag gr 001 pdspa
015 _aAR-2015
020 _a978-987-32-0178-3
040 _aAR-BaBN
_bspa
_cAR-RoUNCS
_eaacr
044 _aag
_car-c
080 1 _a82-1(82)
_22016
100 1 _aHernández, José,
_d1834-1886
_eautor
_4aut
240 1 0 _aMartín Fierro
245 1 0 _aMartín Fierro /
_cJosé Hernández ; ilustraciones de Eugenia Nobati.
250 _a1a ed.
260 _aBuenos Aires :
_bGuadal,
_c2015.
300 _a192 p. ;
_c20 cm.
500 _aEn tapa: "El libro uqe forjó la identidad argentina"
520 3 _aTraducido a más de treinta idiomas, el Martín Fierro cuenta la historia de un hombre de campo que pierde su libertad, obligado a alistarse en el ejército. Esta obra es un clásico argentino, hito de la poesía gauchesca que refleja el ambiente de una época que maró la historia argentina (Nota del editor).
650 7 _2Literatura argentina
653 _aPoesía guachesca
655 7 _aPoesías
700 1 _aNobati, Eugenia
_eilustrador
942 _2udc
_cLPD
_n0
999 _c886
_d886